[Event "POL-chT3 U19 Slaska"]
[Site "Slask"]
[Date "2007.04.22"]
[Round "7.16"]
[White "Goc, Rafal"]
[Black "Kurdziel, Patryk"]
[Result "0-1"]
[WhiteElo "1600"]
[BlackElo "1600"]
[PlyCount "44"]
[EventDate "2007.01.27"]
[EventType "team-tourn"]
[EventRounds "11"]
[EventCountry "POL"]
[SourceTitle "EXT 2019"]
[Source "ChessBase"]
[SourceDate "2018.10.10"]
[SourceVersion "1"]
[SourceVersionDate "2018.10.10"]
[SourceQuality "1"]
[WhiteTeam "Tychy Jedynka U19"]
[BlackTeam "Jaworzno JKSz MCKiS U19 II"]
[WhiteTeamCountry "POL"]
[BlackTeamCountry "POL"]

1. d4 d5 2. c4 e6 3. Nc3 Nf6 4. Bg5 Be7 5. e3 b6 6. Nf3 Bb7 7. Ne5 Nbd7 8. Qa4 0-0 9. cxd5 Nxe5 10. dxe5 Nxd5 11. Bxe7 Qxe7 12. Nxd5 Bxd5 13. e4 Qh4 14. Bd3 f5 15. g3 Qg4 16. 0-0 fxe4 17. Rae1 Rf4 18. Bb5 Raf8 19. Bc6 e3 20. Qc2 exf2+ 21. Rxf2 Rxf2 22. Qxf2 Rxf2 0-1

[Event "POL-chT3 U19 Slaska"]
[Site "Slask"]
[Date "2007.03.17"]
[Round "6.28"]
[White "Stasiowski, Karol"]
[Black "Goc, Rafal"]
[Result "0-1"]
[WhiteElo "1600"]
[BlackElo "1600"]
[PlyCount "104"]
[EventDate "2007.01.27"]
[EventType "team-tourn"]
[EventRounds "11"]
[EventCountry "POL"]
[SourceTitle "EXT 2019"]
[Source "ChessBase"]
[SourceDate "2018.10.10"]
[SourceVersion "1"]
[SourceVersionDate "2018.10.10"]
[SourceQuality "1"]
[WhiteTeam "Imielin MKSz Diagonalia U19"]
[BlackTeam "Tychy Jedynka U19"]
[WhiteTeamCountry "POL"]
[BlackTeamCountry "POL"]

1. e4 e6 2. d4 d5 3. e5 c5 4. c3 Qb6 5. Nf3 Nc6 6. Bd3 Bd7 7. dxc5 Bxc5 8. Qe2 Rc8 9. 0-0 Nge7 10. b4 Bxb4 11. cxb4 Nxb4 12. Be3 Qc7 13. Nbd2 a6 14. Nb3 Nxd3 15. Qxd3 Bb5 16. Qd4 Bxf1 17. Rxf1 Nc6 18. Qg4 g6 19. Bf4 Kd7 20. Nc5+ Ke8 21. Bg3 Ne7 22. Nd3 b5 23. Qf4 Nf5 24. Rc1 Qd7 25. Re1 Rc4 26. Qd2 Qc7 27. a3 Kd7 28. Ng5 Ke7 29. Nf3 Rc8 30. Rb1 Ke8 31. Kf1 Rc3 32. Ra1 Rc2 33. Qf4 Qc3 34. Nde1 Qxa1 35. Qg5 R2c7 36. Qf6 Qxa3 37. Qh8+ Kd7 38. Qxh7 Kc6 39. Qh3 Kb7 40. Qg4 Rc4 41. Qg5 b4 42. Qf6 R8c7 43. Qg5 b3 44. Qd2 b2 45. Qxb2+ Qxb2 46. Ng1 Qb1 47. Ngf3 Rc1 48. h3 Nxg3+ 49. fxg3 Qd3+ 50. Kg1 Qe3+ 51. Kf1 R7c2 52. h4 Qf2# 0-1

[Event "POL-chT3 U19 Slaska"]
[Site "Slask"]
[Date "2007.01.27"]
[Round "1.10"]
[White "Gorniak, Kajetan"]
[Black "Goc, Rafal"]
[Result "1-0"]
[WhiteElo "1400"]
[BlackElo "1600"]
[PlyCount "95"]
[EventDate "2007.01.27"]
[EventType "team-tourn"]
[EventRounds "11"]
[EventCountry "POL"]
[SourceTitle "EXT 2019"]
[Source "ChessBase"]
[SourceDate "2018.10.10"]
[SourceVersion "1"]
[SourceVersionDate "2018.10.10"]
[SourceQuality "1"]
[WhiteTeam "Pszczyna PSSz U19"]
[BlackTeam "Tychy Jedynka U19"]
[WhiteTeamCountry "POL"]
[BlackTeamCountry "POL"]

1. e4 e6 2. d4 d5 3. exd5 exd5 4. Nf3 Bg4 5. Be2 c6 6. c3 Nd7 7. h3 Bxf3 8. Bxf3 Ngf6 9. Bf4 Qe7+ 10. Qe2 Qxe2+ 11. Bxe2 h6 12. Nd2 c5 13. a3 b6 14. 0-0 Be7 15. Rfe1 0-0 16. Bf3 Rfe8 17. Be5 Rac8 18. Rac1 c4 19. Re2 Bf8 20. Rce1 Re6 21. Bxf6 Rxe2 22. Rxe2 Nxf6 23. g3 Bd6 24. Nf1 Rc7 25. Nh2 Re7 26. Rxe7 Bxe7 27. Ng4 Ne4 28. Ne3 Ng5 29. Bxd5 Nxh3+ 30. Kg2 Ng5 31. Bxc4 Ne4 32. d5 Bd6 33. Nf5 Kf8 34. Bd3 Nc5 35. Bb5 Bc7 36. d6 Bd8 37. Nd4 a6 38. Bc6 Nd3 39. b4 Ne5 40. Bb7 a5 41. bxa5 bxa5 42. Nc6 Nxc6 43. Bxc6 f5 44. c4 Kf7 45. Bd5+ Ke8 46. Be6 g6 47. c5 Bf6 48. c6 1-0